Genetic modified crops and genetic engineering (Record no. 396768)

MARC details
000 -LEADER
fixed length control field 00574 a2200217 4500
005 - DATE & TIME
control field 20260407124451.0
008 - FIXED-LENGTH DATA ELEMENTS--GENERAL INFORMATION
fixed length control field 260407b |||||||| |||| 00| 0 eng d
020 ## - ISBN
International Standard Book Number 9799391670276
Price Rs. 2995.00
040 ## - CATALOGING SOURCE
Original cataloging agency VIVEKANANDA LIBRARY
082 ## - DDC NUMBER
Classification number 631.5233
Book Number P882G
100 ## - MAIN ENTRY--PERSONAL NAME
Personal name Pardeep Kumar
245 ## - TITLE STATEMENT
Title Genetic modified crops and genetic engineering
260 ## - PUBLICATION, DISTRIBUTION, ETC. (IMPRINT)
Name of publisher, distributor, etc Amiga Press
Date of publication, distribution, etc 2022
Place of publication, distribution, etc Delhi
300 ## - PHYSICAL DESCRIPTION
Pages xvi, 321
650 ## - Subject
Subject Agriculture
650 ## - Subject
Subject Crop Production
650 ## - Subject
Subject Plant Breeding
650 ## - Subject
Subject Genetic Engineering
700 ## - Added Entry Personal Name
Added Entry Personal Name Bhati, Harish Pal
942 ## - ADDED ENTRY ELEMENTS (KOHA)
Koha item type Books
Holdings
Withdrawn status Lost status Source of classification or shelving scheme Damaged status Not for loan Location (home branch) Sublocation or collection (holding branch) Shelving location Date acquired Koha issues (times borrowed) Koha full call number Accession No. Koha date last seen Koha item type
    Dewey Decimal Classification     VIVEKANANDA LIBRARY VIVEKANANDA LIBRARY Vivekananda Library 19/02/2026   631.5233 P882G 438531 19/02/2026 Books
© Designed and Maintained by Vivekananda Library, MDU Rohtak